00736nam a22002297a 450000500170000001000150001702000270003203500140005903700090007308200150008224501260009725000100022326000610023327000480029430000340034250000190037665000210039565000160041670000280043270000220046070000240048220260507145736.0 aENG-148394 c2682.00a9788196364717 aEN-131926 bDBAD a020.954442 aDirectory of Libraries :cedited by Siva Prasad Senapathi; compiled by Tapas Das Gupta and Parthasarathi DasbWest Bengal aFirst aKolKatabCentral Reference Library, Govt. of Indiac2025 aBelvedere Estate, Alipore,bKolKatae700027 axxi,1093p.:c28cm(Hb)billus. aIncludes index aPublic libraries aDirectories aSenapathi ,Siva Prasad  aGupta, Tapas Das  aDas ,Parthasarathi